| 000 | 00986 a2200253 4500 | ||
|---|---|---|---|
| 005 | 20150819151126.0 | ||
| 008 | 150819s2015 xxu||||fro 00| 0 eng d | ||
| 020 | _a9780899644523 | ||
| 020 | _a089964452X | ||
| 040 |
_aCO-BoUCM _bspa _cSandra Palacio _dSandra Palacio |
||
| 041 | 0 | _aeng | |
| 100 | 1 |
_aLippincott, John _970850 |
|
| 245 | 1 | 0 |
_aLippincott’s _bPrimer on educational advancement _c Lippincott John |
| 260 |
_c2015 _bCase 2015 _aWashington D.C. (Estados Unidos) |
||
| 300 |
_a232 páginas _bFotografías |
||
| 600 | 1 | 4 |
_aLippincott, John _xDiscursos _xPresentaciones _xDeclaraciones _970851 |
| 650 | 7 |
_918533 _aLiderazgo _vEducación |
|
| 650 | 7 |
_9195 _aÉtica _xEconomía |
|
| 650 | 7 |
_915122 _aEstrategias para el desarrollo _xCouncil for advancement and support of education |
|
| 650 | 7 |
_912956 _aDesarrollo económico _xCASE |
|
| 690 | _aAdministración de empresas | ||
| 942 |
_2DEWEY _a16 _cLIBRO _e1 _h658.092 _mL765 |
||
| 999 |
_c300464 _d300464 |
||